How to Become a Good Manager/ (Record no. 206165)

MARC details
000 -LEADER
fixed length control field 00638nam a22001937a 4500
005 - DATE AND TIME OF LATEST TRANSACTION
control field 20241008125027.0
010 ## - LCCN (DPL NO)
LC control number ENG-141957
020 ## - INTERNATIONAL STANDARD BOOK NUMBER
Terms of availability 250.00
International Standard Book Number 9789350578544
035 ## - SYSTEM CONTROL NUMBER
System control number EN-125489
037 ## - SOURCE OF ACQUISITION
Source of stock number/acquisition DBAD
082 ## - DEWEY DECIMAL CLASSIFICATION NUMBER
Classification number 658.4092
Edition number 1
100 ## - MAIN ENTRY--PERSONAL NAME
Personal name Chattopadhyay, Aparna
245 ## - TITLE STATEMENT
Title How to Become a Good Manager/
Statement of responsibility, etc By Aparna Chattopadhyay
250 ## - EDITION STATEMENT
Edition statement 1
260 ## - PUBLICATION, DISTRIBUTION, ETC. (IMPRINT)
Place of publication, distribution, etc New Delhi
Name of publisher, distributor, etc V & S Publishers
Date of publication, distribution, etc 2017
270 ## - ADDRESS
City New Delhi
Address F- 2/16 , Ansari road , Daryagang
Postal code 110002
Telephone number 011-23240026
-- 011-23240027
Fax number 011-23240028
Electronic mail address info@vspublishers.com
300 ## - PHYSICAL DESCRIPTION
Extent 128p.
Dimensions 22cm(pb)
942 ## - ADDED ENTRY ELEMENTS (KOHA)
Source of classification or shelving scheme Dewey Decimal Classification
Item type English Books
Classification part 658.4092
Call number suffix CHA
Holdings
Withdrawn status Lost status Not for loan Collection code Home library Current library Date acquired Source of acquisition Cost, normal purchase price Full call number Barcode Copy number Cost, replacement price Koha item type
      Non-fiction Sarojini Nagar Sarojini Nagar 08/10/2024 Delivery of Books Act Division 250.00 658.4092 CHA EN-125489 1 250.00 English Books

© Delhi Public Library
Hit Counter
free hit counter